Statistics for Most Populous States that Don't Touch the Sea

Click here to take the quiz!

General Stats

  • This quiz has been taken 36 times
  • The average score is 8 of 10

Answer Stats

PopulationState% Correct
12,671,821Illinois
97%
9,986,857Michigan
94%
11,689,100Ohio
94%
6,137,428Missouri
86%
6,829,174Tennessee
86%
7,278,717Arizona
83%
5,758,736Colorado
80%
6,732,219Indiana
80%
12,801,989Pennsylvania
77%
5,822,434Wisconsin
69%

Score Distribution

Percentile by Number Answered

Percent of People with Each Score

Your Score History

You have not taken this quiz